[Event "Lloyds Bank Masters 13th"]
[Site "London"]
[Date "1989.08.26"]
[Round "8"]
[White "Holland, Edward"]
[Black "Johansson, Jan"]
[Result "0-1"]
[WhiteElo "2310"]
[BlackElo "2365"]
[PlyCount "44"]
[EventDate "1989.08.19"]
[EventType "swiss"]
[EventRounds "10"]
[EventCountry "ENG"]
[SourceTitle "BritBase"]
[Source "John Saunders"]
[SourceDate "2020.09.07"]
[SourceVersion "1"]
[SourceVersionDate "2020.09.07"]
[SourceQuality "2"]

1. e4 g6 2. d4 Bg7 3. Nc3 c6 4. Bc4 d5 5. exd5 b5 6. Bb3 b4 7. dxc6 bxc3 8. Qf3
Nf6 9. c7 Qxc7 10. Qxa8 O-O 11. Ne2 Nc6 12. Bf4 e5 13. Bxe5 cxb2 14. Rb1 Qa5+
15. c3 Nxe5 16. dxe5 Bf5 17. Qxf8+ Kxf8 18. Rxb2 Ne4 19. O-O Bxe5 20. Rc1 Qc5
21. Ng3 Nxg3 22. hxg3 Qa3 0-1

[Event "Lloyds Bank Masters 13th"]
[Site "London"]
[Date "1989.08.26"]
[Round "8"]
[White "Kosten, Anthony C"]
[Black "Lane, Gary William"]
[Result "1-0"]
[WhiteElo "2500"]
[BlackElo "2385"]
[PlyCount "45"]
[EventDate "1989.08.19"]
[EventType "swiss"]
[EventRounds "10"]
[EventCountry "ENG"]
[SourceTitle "BritBase"]
[Source "John Saunders"]
[SourceDate "2020.09.07"]
[SourceVersion "1"]
[SourceVersionDate "2020.09.07"]
[SourceQuality "2"]

1. e4 e5 2. Nf3 Nc6 3. Bb5 Bc5 4. O-O Nf6 5. c3 O-O 6. d4 Bb6 7. Re1 d6 8. a4
a5 9. Na3 exd4 10. Bxc6 bxc6 11. Nxd4 Bd7 12. Bg5 h6 13. Bh4 g5 14. Bg3 d5 15.
e5 Ne4 16. Qh5 Kg7 17. Nac2 Nxg3 18. hxg3 Re8 19. Re3 g4 20. f4 f5 21. Kh1 Qc8
22. e6 Bxe6 23. Rae1 1-0

[Event "Lloyds Bank Masters 13th"]
[Site "London"]
[Date "1989.08.26"]
[Round "8"]
[White "Lodhi, Mahmood"]
[Black "Adams, Michael"]
[Result "1-0"]
[WhiteElo "2410"]
[BlackElo "2505"]
[PlyCount "71"]
[EventDate "1989.08.19"]
[EventType "swiss"]
[EventRounds "10"]
[EventCountry "ENG"]
[SourceTitle "BritBase"]
[Source "John Saunders"]
[SourceDate "2020.09.07"]
[SourceVersion "1"]
[SourceVersionDate "2020.09.07"]
[SourceQuality "2"]

1. d4 Nf6 2. Nf3 e6 3. g3 b6 4. Bg2 Bb7 5. O-O c5 6. b3 Be7 7. Bb2 O-O 8. e3 d6
9. c4 Nbd7 10. Nc3 a6 11. a4 Re8 12. d5 exd5 13. Nh4 Rb8 14. cxd5 Bf8 15. e4 g6
16. Re1 Bg7 17. Qc2 Bc8 18. Bf1 Ng4 19. h3 Ngf6 20. Nf3 Nh5 21. Kg2 Ne5 22. Ng1
f5 23. f4 Nf7 24. Nf3 Qd7 25. exf5 gxf5 26. Rxe8+ Qxe8 27. Re1 Qd7 28. Re6 Nf6
29. Bc4 Nd8 30. Qxf5 Nxe6 31. dxe6 Qe7 32. Ng5 Bb7+ 33. Kh2 Re8 34. Nce4 Bxe4
35. Nxe4 Nh5 36. Bxg7 1-0

[Event "Lloyds Bank Masters 13th"]
[Site "London"]
[Date "1989.08.26"]
[Round "8"]
[White "Thipsay, Praveen Mahadeo"]
[Black "Kopp, B."]
[Result "1-0"]
[WhiteElo "2415"]
[BlackElo "2265"]
[PlyCount "47"]
[EventDate "1989.08.19"]
[EventType "swiss"]
[EventRounds "10"]
[EventCountry "ENG"]
[SourceTitle "BritBase"]
[Source "John Saunders"]
[SourceDate "2020.09.07"]
[SourceVersion "1"]
[SourceVersionDate "2020.09.07"]
[SourceQuality "2"]

1. e4 e6 2. d4 d5 3. e5 c5 4. c3 Qb6 5. Nf3 Nc6 6. Be2 Bd7 7. O-O f6 8. dxc5
Bxc5 9. b4 Be7 10. Bf4 fxe5 11. Nxe5 Nxe5 12. Bxe5 Bf6 13. Bd3 g6 14. Qe2 Kf7
15. Nd2 Bxe5 16. Qxe5 Ne7 17. Nf3 Rhf8 18. Qg5 Qd6 19. Qh6 Rh8 20. Qe3 Nc8 21.
Ne5+ Kg8 22. c4 dxc4 23. Bxc4 Nb6 24. Nxd7 1-0

[Event "Lloyds Bank Masters 13th"]
[Site "London"]
[Date "1989.08.26"]
[Round "8"]
[White "Tozer, Richard"]
[Black "Smagin, Sergey"]
[Result "1/2-1/2"]
[WhiteElo "2235"]
[BlackElo "2535"]
[PlyCount "112"]
[EventDate "1989.08.19"]
[EventType "swiss"]
[EventRounds "10"]
[EventCountry "ENG"]
[SourceTitle "BritBase"]
[Source "John Saunders"]
[SourceDate "2020.09.07"]
[SourceVersion "1"]
[SourceVersionDate "2020.09.07"]
[SourceQuality "2"]

1. d4 Nf6 2. c4 e6 3. Nc3 Bb4 4. Qc2 O-O 5. Bg5 c5 6. dxc5 Qa5 7. Bd2 Qxc5 8.
e3 Qb6 9. a3 Be7 10. Nf3 a6 11. Be2 Qc7 12. Rc1 b6 13. O-O Bb7 14. Rfd1 d6 15.
e4 Nbd7 16. h3 Nc5 17. Bd3 Rac8 18. b3 Qb8 19. Nd4 Rfe8 20. Re1 g6 21. Bf1 Qa8
22. f3 Nh5 23. Be3 Bh4 24. Red1 d5 25. b4 Nd7 26. exd5 exd5 27. Bh6 Ng3 28.
cxd5 Bf6 29. Qd2 Nxf1 30. Kxf1 Bxd5 31. Nxd5 Qxd5 32. Rxc8 Rxc8 33. Ne2 Qxd2
34. Rxd2 Rc7 35. Nf4 Bg7 36. Bxg7 Kxg7 37. Nd5 Rc6 38. Ne7 Rc1+ 39. Ke2 Ne5 40.
Nd5 b5 41. Rd1 Rc6 42. f4 Nc4 43. Rd3 h5 44. g4 f6 45. Ne3 h4 46. Rd7+ Kf8 47.
Nxc4 Rxc4 48. Ke3 Rc3+ 49. Rd3 Rc1 50. Ke4 Ke7 51. f5 Re1+ 52. Re3 Rxe3+ 53.
Kxe3 g5 54. Ke4 Kd6 55. Kd4 Kc6 56. Ke4 Kd6 1/2-1/2

[Event "Lloyds Bank Masters 13th"]
[Site "London"]
[Date "1989.08.27"]
[Round "9"]
[White "Chandler, Murray G"]
[Black "Hebden, Mark L"]
[Result "1/2-1/2"]
[WhiteElo "2585"]
[BlackElo "2520"]
[PlyCount "36"]
[EventDate "1989.08.19"]
[EventType "swiss"]
[EventRounds "10"]
[EventCountry "ENG"]
[SourceTitle "BritBase"]
[Source "John Saunders"]
[SourceDate "2020.09.07"]
[SourceVersion "1"]
[SourceVersionDate "2020.09.07"]
[SourceQuality "2"]

1. e4 e5 2. Nf3 Nc6 3. Bb5 a6 4. Ba4 Nf6 5. O-O Be7 6. Re1 b5 7. Bb3 O-O 8. c3
d6 9. h3 a5 10. a4 b4 11. d4 bxc3 12. Nxc3 Nxd4 13. Nxd4 exd4 14. Qxd4 Rb8 15.
Bc4 c6 16. b3 Nd7 17. Ba3 Ne5 18. Qe3 Qb6 1/2-1/2

[Event "Lloyds Bank Masters 13th"]
[Site "London"]
[Date "1989.08.27"]
[Round "9"]
[White "Flear, Glenn C"]
[Black "Franklin, Michael J"]
[Result "1-0"]
[WhiteElo "2435"]
[BlackElo "2320"]
[PlyCount "51"]
[EventDate "1989.08.19"]
[EventType "swiss"]
[EventRounds "10"]
[EventCountry "ENG"]
[SourceTitle "BritBase"]
[Source "John Saunders"]
[SourceDate "2020.09.07"]
[SourceVersion "1"]
[SourceVersionDate "2020.09.07"]
[SourceQuality "2"]

1. d4 Nf6 2. c4 e6 3. Nc3 Bb4 4. f3 Nh5 5. Nh3 c5 6. d5 Qh4+ 7. Nf2 Qxc4 8. e4
Bxc3+ 9. bxc3 Qxc3+ 10. Bd2 Qd4 11. Qc1 exd5 12. Bc3 Qa4 13. Qg5 d4 14. Bd2 O-O
15. Qxh5 c4 16. Be2 Nc6 17. O-O b5 18. Ng4 Re8 19. Nh6+ gxh6 20. Bxh6 Re6 21.
f4 Qa3 22. Rf3 d3 23. f5 Qc5+ 24. Kh1 dxe2 25. Qg5+ Rg6 26. fxg6 1-0

[Event "Lloyds Bank Masters 13th"]
[Site "London"]
[Date "1989.08.27"]
[Round "9"]
[White "Johansson, Jan"]
[Black "Blokhuis, Edgar M"]
[Result "1-0"]
[WhiteElo "2365"]
[BlackElo "2250"]
[PlyCount "41"]
[EventDate "1989.08.19"]
[EventType "swiss"]
[EventRounds "10"]
[EventCountry "ENG"]
[SourceTitle "BritBase"]
[Source "John Saunders"]
[SourceDate "2020.09.07"]
[SourceVersion "1"]
[SourceVersionDate "2020.09.07"]
[SourceQuality "2"]

1. d4 d5 2. Nf3 e6 3. c4 c5 4. Nc3 Nc6 5. Bf4 cxd4 6. Nxd4 Bb4 7. cxd5 Qxd5 8.
Nxc6 Bxc3+ 9. bxc3 Qxc6 10. Qd4 f6 11. Rd1 e5 12. Qd8+ Kf7 13. Bc1 b6 14. Qd2
Be6 15. e3 Ne7 16. f3 Rad8 17. Qxd8 Rxd8 18. Rxd8 Qxc3+ 19. Bd2 Qa1+ 20. Kf2 a5
21. Bb5 1-0

[Event "Lloyds Bank Masters 13th"]
[Site "London"]
[Date "1989.08.27"]
[Round "9"]
[White "Kosten, Anthony C"]
[Black "Tozer, Richard"]
[Result "1-0"]
[WhiteElo "2500"]
[BlackElo "2235"]
[PlyCount "83"]
[EventDate "1989.08.19"]
[EventType "swiss"]
[EventRounds "10"]
[EventCountry "ENG"]
[SourceTitle "BritBase"]
[Source "John Saunders"]
[SourceDate "2020.09.07"]
[SourceVersion "1"]
[SourceVersionDate "2020.09.07"]
[SourceQuality "2"]

1. e4 c5 2. Nf3 Nc6 3. d4 cxd4 4. Nxd4 Nf6 5. Nc3 e6 6. Ndb5 d6 7. Bf4 e5 8.
Bg5 a6 9. Na3 b5 10. Bxf6 gxf6 11. Nd5 f5 12. g3 fxe4 13. Bg2 Be6 14. Bxe4 Rc8
15. Qh5 Bg7 16. c3 h6 17. Nc2 Ne7 18. Nce3 Nxd5 19. Bxd5 Bxd5 20. Nxd5 Rc5 21.
Rd1 O-O 22. O-O Qd7 23. Rd2 Qe6 24. Rfd1 a5 25. a3 Kh7 26. Ne3 Rd8 27. Qh4 Bf6
28. Qe4+ Kh8 29. Rd5 Be7 30. h4 Rb8 31. Rxc5 dxc5 32. Rd5 Bf8 33. Rxe5 Qg6 34.
Nf5 b4 35. axb4 axb4 36. c4 b3 37. Rd5 Bg7 38. Rd6 Qh7 39. Rxh6 Qxh6 40. Nxh6
Bxb2 41. Nxf7+ Kg7 42. Ng5 1-0

[Event "Lloyds Bank Masters 13th"]
[Site "London"]
[Date "1989.08.27"]
[Round "9"]
[White "Law, Andrew P"]
[Black "Sadler, Matthew D"]
[Result "0-1"]
[WhiteElo "2325"]
[BlackElo "2455"]
[PlyCount "96"]
[EventDate "1989.08.19"]
[EventType "swiss"]
[EventRounds "10"]
[EventCountry "ENG"]
[SourceTitle "BritBase"]
[Source "John Saunders"]
[SourceDate "2020.09.07"]
[SourceVersion "1"]
[SourceVersionDate "2020.09.07"]
[SourceQuality "2"]

1. d4 d5 2. c4 dxc4 3. Nf3 a6 4. e3 Nf6 5. Bxc4 e6 6. a4 c5 7. O-O Nc6 8. Qe2
cxd4 9. Rd1 Be7 10. exd4 O-O 11. Nc3 Nd5 12. Qe4 Ncb4 13. Ne5 Rb8 14. Bb3 Bd7
15. Bxd5 exd5 16. Nxd5 Nxd5 17. Qxd5 Be6 18. Qxd8 Rfxd8 19. Be3 a5 20. Nd3 g5
21. f3 b6 22. Ne5 Bd5 23. Rdc1 Rbc8 24. Bf2 h5 25. Be3 f6 26. Nd3 Kf7 27. Nf2
Bb3 28. Rc3 Rxc3 29. bxc3 Rc8 30. Bd2 Rc4 31. Rb1 Rxa4 32. Ne4 Ra3 33. c4 Bxc4
34. Rxb6 Ra2 35. Bc3 Bd5 36. Nd6+ Kg6 37. Rb5 Bc6 38. Rb6 Ba8 39. Ne4 Bxe4 40.
fxe4 a4 41. Rb7 Bf8 42. Rb8 Be7 43. Rb7 Ba3 44. Ra7 Bc1 45. Ra6 Be3+ 46. Kf1
Rf2+ 47. Ke1 Rc2 48. Rc6 Bxd4 0-1

[Event "Lloyds Bank Masters 13th"]
[Site "London"]
[Date "1989.08.27"]
[Round "9"]
[White "McDonald, Neil R"]
[Black "Ledger, Andrew"]
[Result "0-1"]
[WhiteElo "2360"]
[BlackElo "2225"]
[PlyCount "100"]
[EventDate "1989.08.19"]
[EventType "swiss"]
[EventRounds "10"]
[EventCountry "ENG"]
[SourceTitle "BritBase"]
[Source "John Saunders"]
[SourceDate "2020.09.07"]
[SourceVersion "1"]
[SourceVersionDate "2020.09.07"]
[SourceQuality "2"]

1. Nf3 Nf6 2. g3 g6 3. Bg2 Bg7 4. c4 c6 5. Qc2 d5 6. b3 O-O 7. Bb2 a5 8. Nc3
Na6 9. d3 dxc4 10. bxc4 e5 11. O-O Re8 12. Nd2 Bf5 13. Nde4 Rb8 14. Nxf6+ Qxf6
15. Rab1 b5 16. Ne4 Qe7 17. cxb5 cxb5 18. Qd2 b4 19. f4 Nc5 20. Nxc5 Qxc5+ 21.
Kh1 exf4 22. Bxg7 Kxg7 23. Rxf4 Qe3 24. Qb2+ Kg8 25. Bf3 Rbc8 26. a3 Rc3 27.
axb4 Rec8 28. Rxf5 gxf5 29. Kg2 Rc1 30. Rxc1 Rxc1 31. Qf6 axb4 32. Bh5 Rg1+ 33.
Kh3 Qe6 34. Qd8+ Kg7 35. Qd4+ Kh6 36. Qxg1 Kxh5 37. Qc5 b3 38. Qb5 Kg6 39. d4
f4+ 40. g4 f5 41. Kh4 h6 42. d5 Qf6+ 43. Kh3 b2 44. Qe8+ Kg7 45. Qb5 fxg4+ 46.
Kg2 f3+ 47. Kf1 fxe2+ 48. Kxe2 Qf3+ 49. Kd2 Qf4+ 50. Kc3 Qc1+ 0-1

[Event "Lloyds Bank Masters 13th"]
[Site "London"]
[Date "1989.08.27"]
[Round "9"]
[White "Merriman, John"]
[Black "Bronstein, David Ionovich"]
[Result "0-1"]
[WhiteElo "2320"]
[BlackElo "2430"]
[PlyCount "124"]
[EventDate "1989.08.19"]
[EventType "swiss"]
[EventRounds "10"]
[EventCountry "ENG"]
[SourceTitle "BritBase"]
[Source "John Saunders"]
[SourceDate "2020.09.07"]
[SourceVersion "1"]
[SourceVersionDate "2020.09.07"]
[SourceQuality "2"]

1. d4 Nf6 2. c4 d6 3. Nc3 e5 4. dxe5 dxe5 5. Qxd8+ Kxd8 6. Bg5 Be6 7. Nf3 Nbd7
8. O-O-O Kc8 9. Nd2 Ng4 10. Bh4 h5 11. h3 Nh6 12. e4 f6 13. f3 Nf7 14. Bf2 h4
15. Bd3 c6 16. Na4 b6 17. Kb1 Nd8 18. Rc1 Nb7 19. Nb3 Kc7 20. Rhd1 Rd8 21. Kc2
g6 22. a3 Be7 23. Nc3 Kb8 24. a4 a5 25. Kb1 Nbc5 26. Nxc5 Bxc5 27. Bxc5 Nxc5
28. Be2 Nb3 29. Rxd8+ Rxd8 30. Rd1 Rxd1+ 31. Nxd1 Nd2+ 32. Kc2 Nxc4 33. Kc3 Nd6
34. Ne3 f5 35. exf5 gxf5 36. Nc2 Kc7 37. Ne1 c5 38. Nd3 Nf7 39. b3 f4 40. Nb2
Kd6 41. Bc4 Ng5 42. Bxe6 Kxe6 43. Kd3 e4+ 44. fxe4 f3 45. gxf3 Nxh3 46. Ke3 Ng5
47. Nd3 h3 48. Nf2 h2 49. f4 Nf7 50. Kd3 Kd6 51. Kc4 Nd8 52. Kb5 Kc7 53. f5 Nf7
54. f6 Kb7 55. e5 Nxe5 56. Nh1 Nf7 57. Kc4 Kc6 58. Ng3 Ne5+ 59. Kc3 Kd5 60. Kc2
Ke6 61. Kd2 Nf3+ 62. Kc3 Nd4 0-1

[Event "Lloyds Bank Masters 13th"]
[Site "London"]
[Date "1989.08.27"]
[Round "9"]
[White "Rogers, Ian"]
[Black "Chernin, Alexander"]
[Result "1/2-1/2"]
[WhiteElo "2470"]
[BlackElo "2580"]
[PlyCount "43"]
[EventDate "1989.08.19"]
[EventType "swiss"]
[EventRounds "10"]
[EventCountry "ENG"]
[SourceTitle "BritBase"]
[Source "John Saunders"]
[SourceDate "2020.09.07"]
[SourceVersion "1"]
[SourceVersionDate "2020.09.07"]
[SourceQuality "2"]

1. e4 e6 2. d4 d5 3. Nc3 Bb4 4. e5 Ne7 5. a3 Bxc3+ 6. bxc3 c5 7. Qg4 Kf8 8. Qd1
b6 9. Nf3 Ba6 10. Bxa6 Nxa6 11. O-O cxd4 12. cxd4 Rc8 13. Bb2 Nb8 14. Qd3 Qc7
15. Rfc1 Qc4 16. Qd2 Nbc6 17. a4 Na5 18. Ba3 Qc7 19. Qf4 Kg8 20. Nd2 h6 21. c3
Qd7 22. Bb4 1/2-1/2

[Event "Lloyds Bank Masters 13th"]
[Site "London"]
[Date "1989.08.27"]
[Round "9"]
[White "Smart, Leslie"]
[Black "Kinsman, Andrew PH"]
[Result "0-1"]
[WhiteElo "2235"]
[BlackElo "2335"]
[PlyCount "40"]
[EventDate "1989.08.19"]
[EventType "swiss"]
[EventRounds "10"]
[EventCountry "ENG"]
[SourceTitle "BritBase"]
[Source "John Saunders"]
[SourceDate "2020.09.07"]
[SourceVersion "1"]
[SourceVersionDate "2020.09.07"]
[SourceQuality "2"]

1. e4 e6 2. d4 d5 3. Nc3 Bb4 4. e5 c5 5. a3 Ba5 6. b4 cxd4 7. Qg4 Ne7 8. Qxg7
Rg8 9. Qxh7 Bc7 10. Nb5 a6 11. Nxd4 Bxe5 12. Bb2 Qc7 13. Ngf3 Bxd4 14. Bxd4
Nbc6 15. Bf6 e5 16. Bd3 e4 17. Ng5 Rf8 18. Be2 Qf4 19. Bxe7 Nxe7 20. Nh3 Qf6
0-1

[Event "Lloyds Bank Masters 13th"]
[Site "London"]
[Date "1989.08.27"]
[Round "9"]
[White "Ward, Christopher"]
[Black "Ivanov, Alexander"]
[Result "1-0"]
[WhiteElo "2380"]
[BlackElo "2460"]
[PlyCount "77"]
[EventDate "1989.08.19"]
[EventType "swiss"]
[EventRounds "10"]
[EventCountry "ENG"]
[SourceTitle "BritBase"]
[Source "John Saunders"]
[SourceDate "2020.09.07"]
[SourceVersion "1"]
[SourceVersionDate "2020.09.07"]
[SourceQuality "2"]

1. d4 g6 2. c4 Bg7 3. Nc3 c5 4. d5 d6 5. e4 e6 6. Nf3 exd5 7. exd5 Bg4 8. Be2
Ne7 9. O-O Nd7 10. Nb5 Nb6 11. Bf4 Nbc8 12. Qd2 O-O 13. a4 Nf5 14. Ra3 a6 15.
Nc3 Nb6 16. Qd3 Re8 17. h3 Bxf3 18. Bxf3 Nd7 19. Bg4 Ne5 20. Bxe5 Rxe5 21. Bxf5
gxf5 22. Ne2 Qf6 23. f4 Re4 24. Ng3 Qd4+ 25. Qxd4 Bxd4+ 26. Kh2 Ree8 27. Nxf5
Rad8 28. Rb3 Rd7 29. Rb6 Re2 30. b3 h5 31. Rxd6 Rxd6 32. Nxd6 Rb2 33. Rf3 h4
34. Nf5 Bf6 35. Rd3 Rf2 36. Nh6+ Kg7 37. Ng4 Rxf4 38. Nxf6 Kxf6 39. Rf3 1-0

[Event "Lloyds Bank Masters 13th"]
[Site "London"]
[Date "1989.08.27"]
[Round "9"]
[White "Wells, Peter K"]
[Black "Eingorn, Vereslav S"]
[Result "1-0"]
[WhiteElo "2400"]
[BlackElo "2560"]
[PlyCount "85"]
[EventDate "1989.08.19"]
[EventType "swiss"]
[EventRounds "10"]
[EventCountry "ENG"]
[SourceTitle "BritBase"]
[Source "John Saunders"]
[SourceDate "2020.09.07"]
[SourceVersion "1"]
[SourceVersionDate "2020.09.07"]
[SourceQuality "2"]

1. d4 e6 2. Nf3 c5 3. e3 Nf6 4. c4 d5 5. Nc3 a6 6. cxd5 exd5 7. Be2 Nc6 8. O-O
Bd6 9. dxc5 Bxc5 10. a3 O-O 11. b4 Bd6 12. Bb2 Be6 13. Rc1 Qe7 14. Na4 Rfd8 15.
Nc5 Ne4 16. Qc2 Bxc5 17. bxc5 Bg4 18. Bd3 Bf5 19. Nd4 Nxd4 20. Bxd4 Bg6 21. Qb2
Nf6 22. Be2 Rac8 23. c6 Rxc6 24. Rxc6 bxc6 25. Rc1 Qe8 26. Bxf6 gxf6 27. Qxf6
Rc8 28. Bxa6 Rb8 29. h4 Rb6 30. Be2 h5 31. a4 Qa8 32. Qg5 Kf8 33. Ra1 c5 34. a5
Re6 35. a6 c4 36. a7 c3 37. Bf3 Be4 38. Bxe4 Rxe4 39. Qf6 Rg4 40. Qh8+ Rg8 41.
Qxc3 Rxg2+ 42. Kf1 Rg4 43. Qe5 1-0

[Event "Lloyds Bank Masters 13th"]
[Site "London"]
[Date "1989.08.28"]
[Round "10"]
[White "Bronstein, David Ionovich"]
[Black "Speelman, Jonathan S"]
[Result "1/2-1/2"]
[WhiteElo "2430"]
[BlackElo "2615"]
[PlyCount "70"]
[EventDate "1989.08.19"]
[EventType "swiss"]
[EventRounds "10"]
[EventCountry "ENG"]
[SourceTitle "BritBase"]
[Source "John Saunders"]
[SourceDate "2020.09.07"]
[SourceVersion "1"]
[SourceVersionDate "2020.09.07"]
[SourceQuality "2"]

1. d4 Nf6 2. c4 e6 3. Nc3 Bb4 4. e3 c5 5. Bd3 O-O 6. Nge2 d5 7. cxd5 exd5 8. a3
cxd4 9. axb4 dxc3 10. b5 Bg4 11. Qc2 Nbd7 12. Nxc3 Nc5 13. O-O Re8 14. f3 Bh5
15. Ne2 Qb6 16. Nf4 Bg6 17. Nxg6 hxg6 18. Bd2 Rac8 19. Rfe1 d4 20. exd4 Ne6 21.
Bc3 Nd5 22. Ra4 Nef4 23. Re4 f5 24. Rxe8+ Rxe8 25. Bc4 Kh7 26. Qf2 g5 27. Bd2
Qc7 28. b3 Nb6 29. Bxf4 Qxf4 30. Ra1 Nxc4 31. bxc4 Re2 32. Qxe2 Qxd4+ 33. Kf1
Qxa1+ 34. Kf2 Qd4+ 35. Kf1 Qa1+ 1/2-1/2

[Event "Lloyds Bank Masters 13th"]
[Site "London"]
[Date "1989.08.28"]
[Round "10"]
[White "Emms, John M"]
[Black "Fatin, Tarek"]
[Result "0-1"]
[WhiteElo "2300"]
[BlackElo "2325"]
[PlyCount "22"]
[EventDate "1989.08.19"]
[EventType "swiss"]
[EventRounds "10"]
[EventCountry "ENG"]
[SourceTitle "BritBase"]
[Source "John Saunders"]
[SourceDate "2020.09.07"]
[SourceVersion "1"]
[SourceVersionDate "2020.09.07"]
[SourceQuality "2"]

1. e4 c5 2. Nf3 Nc6 3. c3 d5 4. exd5 Qxd5 5. d4 Nf6 6. Be3 cxd4 7. cxd4 e6 8.
Nc3 Qa5 9. Bd3 Be7 10. O-O O-O 11. b3 Qxc3 0-1

[Event "Lloyds Bank Masters 13th"]
[Site "London"]
[Date "1989.08.28"]
[Round "10"]
[White "Rogers, Ian"]
[Black "Kosten, Anthony C"]
[Result "1-0"]
[WhiteElo "2470"]
[BlackElo "2500"]
[PlyCount "71"]
[EventDate "1989.08.19"]
[EventType "swiss"]
[EventRounds "10"]
[EventCountry "ENG"]
[SourceTitle "BritBase"]
[Source "John Saunders"]
[SourceDate "2020.09.07"]
[SourceVersion "1"]
[SourceVersionDate "2020.09.07"]
[SourceQuality "2"]

1. d4 g6 2. c4 Bg7 3. Nc3 d6 4. e4 Nd7 5. Bg5 f6 6. Be3 e5 7. Nf3 Nh6 8. h3 O-O
9. Qd2 Nf7 10. g4 c5 11. d5 f5 12. gxf5 gxf5 13. exf5 e4 14. Nxe4 Nde5 15. Nxe5
Nxe5 16. Be2 Bxf5 17. Ng5 Qf6 18. Rg1 Rae8 19. Rg3 a6 20. a4 Ng6 21. O-O-O b5
22. cxb5 axb5 23. Bxb5 Ra8 24. Ne6 Rfb8 25. Nxg7 Qxg7 26. Qc3 Qf7 27. b3 Bd7
28. Bc4 Rb4 29. Rdg1 Rab8 30. h4 Rxc4 31. bxc4 Qf5 32. Kd2 Rb4 33. Rg5 Qf7 34.
h5 Bf5 35. hxg6 Bxg6 36. Rxg6+ 1-0

[Event "Lloyds Bank Masters 13th"]
[Site "London"]
[Date "1989.08.28"]
[Round "10"]
[White "Sadler, Matthew D"]
[Black "Hodgson, Julian M"]
[Result "1-0"]
[WhiteElo "2455"]
[BlackElo "2535"]
[PlyCount "77"]
[EventDate "1989.08.19"]
[EventType "swiss"]
[EventRounds "10"]
[EventCountry "ENG"]
[SourceTitle "BritBase"]
[Source "John Saunders"]
[SourceDate "2020.09.07"]
[SourceVersion "1"]
[SourceVersionDate "2020.09.07"]
[SourceQuality "2"]

1. d4 d6 2. c4 e5 3. Nf3 e4 4. Ng5 f5 5. Nc3 Nf6 6. h4 c6 7. Nh3 Na6 8. Bg5 Be7
9. e3 Nc7 10. Nf4 O-O 11. Be2 Ne6 12. Qd2 Nxf4 13. Bxf4 Ne8 14. O-O-O a6 15. f3
b5 16. g4 d5 17. gxf5 b4 18. Nxe4 dxe4 19. fxe4 a5 20. Bd3 a4 21. Bg3 Nf6 22.
Qe2 h5 23. e5 Ng4 24. Rdf1 Qa5 25. Kb1 Ra7 26. Rf3 Bd8 27. Rhf1 a3 28. b3 Re7
29. c5 Kh8 30. Bc4 Qa7 31. e6 Ree8 32. e4 g6 33. fxg6 Qg7 34. Rf7 Rxf7 35. gxf7
Rf8 36. Bd6 Qxd4 37. Bxf8 Bf6 38. Rxf6 Nxf6 39. Bd6 1-0

[Event "Lloyds Bank Masters 13th"]
[Site "London"]
[Date "1989.08.28"]
[Round "10"]
[White "Soffer, Ram"]
[Black "Foster, Nick"]
[Result "1-0"]
[WhiteElo "2415"]
[BlackElo "2205"]
[PlyCount "37"]
[EventDate "1989.08.19"]
[EventType "swiss"]
[EventRounds "10"]
[EventCountry "ENG"]
[SourceTitle "BritBase"]
[Source "John Saunders"]
[SourceDate "2020.09.07"]
[SourceVersion "1"]
[SourceVersionDate "2020.09.07"]
[SourceQuality "2"]

1. c4 b6 2. Nc3 e6 3. Nf3 Bb7 4. e4 c5 5. d4 cxd4 6. Nxd4 Nc6 7. Nxc6 dxc6 8.
Bd3 Qc7 9. O-O Nf6 10. Qe2 Bd6 11. f4 h5 12. Na4 Nd7 13. e5 Be7 14. Be3 O-O-O
15. Rad1 f6 16. exf6 Nxf6 17. c5 Nd5 18. Bd4 Nxf4 19. Rxf4 1-0

[Event "Lloyds Bank Masters 13th"]
[Site "London"]
[Date "1989.08.28"]
[Round "10"]
[White "Thipsay, Praveen Mahadeo"]
[Black "Plaskett, H James"]
[Result "1-0"]
[WhiteElo "2415"]
[BlackElo "2460"]
[PlyCount "69"]
[EventDate "1989.08.19"]
[EventType "swiss"]
[EventRounds "10"]
[EventCountry "ENG"]
[SourceTitle "BritBase"]
[Source "John Saunders"]
[SourceDate "2020.09.07"]
[SourceVersion "1"]
[SourceVersionDate "2020.09.07"]
[SourceQuality "2"]

1. e4 c5 2. Nf3 e6 3. d4 cxd4 4. Nxd4 Nf6 5. Nc3 d6 6. Be2 Be7 7. O-O a6 8. a4
Nc6 9. Kh1 O-O 10. f4 Qc7 11. Be3 Re8 12. Bf3 Bd7 13. Nb3 b6 14. Qe2 Bf8 15.
Qf2 Rab8 16. g4 Bc8 17. g5 Nd7 18. Bg2 g6 19. Rad1 Bb7 20. Rd2 Nc5 21. Qh4 Nb4
22. Bd4 Nxb3 23. cxb3 e5 24. Be3 exf4 25. Bd4 Re6 26. Rxf4 Bg7 27. Bxg7 Kxg7
28. Rdf2 Rf8 29. Rf6 Rxf6 30. gxf6+ Kh8 31. Rf3 Bc8 32. e5 a5 33. Qh6 Rg8 34.
Rf4 g5 35. Be4 1-0